| 000 | 003660000a22001450004500 | ||
|---|---|---|---|
| 003 | MACL | ||
| 040 | _aMACL | ||
| 090 |
_c48409 _d48407 |
||
| 100 | _aKrishnamurthy,A.G. | ||
| 245 | _aTEN Much Ten Ordinary Processes for Extraordinary Success | ||
| 260 |
_aNew Delhi _bTata Mcgraw Hill _c2010 |
||
| 650 | _agenraties | ||
| 942 |
_cBOOK _k080/KRI |
||
| 951 | _o080/KRI BOOK | ||
| 999 |
_c47896 _d47896 |
||